Clic Les automobiles des années 1950 - Qui produisait ce modèle ? - Statistiques

Statistiques générales
  • Ce quiz a été pris 57 fois
  • Le résultat moyen est 16 sur 42
Statistiques - réponses
Hint Réponse % Correct
403 Peugeot
100%
500 FIAT
98%
DS Citroën
93%
203 Peugeot
93%
Coccinelle Volkswagen
93%
Traction avant Citroën
78%
2 CV Citroën
78%
4 CV Renault
69%
Octavia Skoda
62%
Dauphine Renault
58%
Giuletta Alfa Roméo
53%
Taunus Ford
53%
300 SL Mercedes-Benz
53%
Aronde SIMCA
42%
PL-17 Panhard
40%
Juvaquatre Renault
40%
Frégate Renault
40%
Healey Austin
36%
Anglia Ford
36%
Rekord Opel
36%
ID Citroën
31%
Kapitan Opel
31%
Isetta BMW
29%
Olympia Opel
27%
Chambord SIMCA
27%
Dyna Panhard
24%
Grégoire Hotchkiss
22%
Princess Austin
20%
A40 Devon Austin
20%
400 Vespa
16%
Country Sedan Ford
13%
Comète Ford
13%
Monceau Hotchkiss
13%
Anjou Hotchkiss
13%
Colorale Renault
13%
Vedette Ford
9%
Manoir Renault
9%
Domaine Renault
9%
Sport SIMCA
7%
Junior Panhard
4%
Vendôme Ford
2%
Duett Volvo
2%
Aucun quiz correspondant
Distribution des résultats
% des personnes avec chaque résultat
Percentile par nombre de réponses
Votre historique - résultats
Vous n’avez pas pris ce quiz